LIBRARY & INFORMATION CENTRE, KCAET, TAVANUR

ONLINE PUBLIC ACCESS CATALOGUE (OPAC)

Text Book of Irrigation Engineering (Record no. 19402)

MARC details
000 -LEADER
fixed length control field 00501nam a22001817a 4500
003 - CONTROL NUMBER IDENTIFIER
control field OSt
008 - FIXED-LENGTH DATA ELEMENTS--GENERAL INFORMATION
fixed length control field 250218b |||||||| |||| 00| 0 eng d
020 ## - INTERNATIONAL STANDARD BOOK NUMBER
ISBN 81-204-0834-9
041 ## - LANGUAGE CODE
Language code of text/sound track or separate title eng
082 ## - DEWEY DECIMAL CLASSIFICATION NUMBER
Classification number 627.52
Item number SHA/TE
100 ## - MAIN ENTRY--AUTHOR NAME
Personal name Sharma, RK
245 ## - TITLE STATEMENT
Title Text Book of Irrigation Engineering
260 ## - PUBLICATION, DISTRIBUTION, ETC. (IMPRINT)
Place of publication New Delhi:
Name of publisher Oxford & IBH Publishing Co Ltd,
Year of publication 1993.
300 ## - PHYSICAL DESCRIPTION
Number of Pages 278p.
490 ## - SERIES STATEMENT
Series statement Vol.111 Canal Structures: Including River Engineering
700 ## - ADDED ENTRY--PERSONAL NAME
Personal name Sharma, TK
942 ## - ADDED ENTRY ELEMENTS (KOHA)
Koha item type Books
Holdings
Withdrawn status Lost status Damaged status Home library Current library Date acquired Cost, normal purchase price Full call number Accession Number Koha item type
      KAUAET KAUAET 18/02/2025 125.00 627.52 SHA/TE 20047 Books
free website counter